Employment law for business / (Record no. 343681)
[ view plain ]
| 000 -LEADER | |
|---|---|
| fixed length control field | 01342 a2200217 4500 |
| 020 ## - INTERNATIONAL STANDARD BOOK NUMBER | |
| International Standard Book Number | 0072314036 |
| 020 ## - INTERNATIONAL STANDARD BOOK NUMBER | |
| International Standard Book Number | 9780072314038 |
| 082 04 - DEWEY DECIMAL CLASSIFICATION NUMBER | |
| Classification number | 344.7301 |
| 090 ## - LOCALLY ASSIGNED LC-TYPE CALL NUMBER (OCLC); LOCAL CALL NUMBER (RLIN) | |
| -- | 1151 |
| -- | 1151 |
| 100 1# - MAIN ENTRY--PERSONAL NAME | |
| Personal name | Bennett-Alexander, Dawn. |
| 245 10 - TITLE STATEMENT | |
| Title | Employment law for business / |
| Statement of responsibility, etc. | Dawn Bennett-Alexander. |
| 250 ## - EDITION STATEMENT | |
| Edition statement | 3rd ed. |
| 260 ## - PUBLICATION, DISTRIBUTION, ETC. | |
| Place of publication, distribution, etc. | [S.l.] : |
| Name of publisher, distributor, etc. | McGraw-Hill Companies, |
| Date of publication, distribution, etc. | 2000. |
| 300 ## - PHYSICAL DESCRIPTION | |
| Extent | 816 p. ; |
| Dimensions | 24 cm. |
| 500 ## - GENERAL NOTE | |
| General note | Hardcover. |
| 520 ## - SUMMARY, ETC. | |
| Summary, etc. | Bennett-Alexander addresses law and employment decisions from a managerial perspective. It is intended to instruct students on how to manage effectively and efficiently with full comprehension of the legal ramifications of their decisions. Students are shown how to think and analyze employment law facts using concrete examples of management related legal dilemmas without clear-cut solutions. The method of arriving at resolutions are emphasized, so that when the facts of the workplace problem are not quite the same, the student can still reach a good decision based on the legal considerations required by law which remain relevant. |
| 700 1# - ADDED ENTRY--PERSONAL NAME | |
| Personal name | Hartman, Laura Pincus. |
| 856 40 - ELECTRONIC LOCATION AND ACCESS | |
| Materials specified | Amazon.com |
| Uniform Resource Identifier | <a href="http://www.amazon.com/exec/obidos/ASIN/0072314036/chopaconline-20">http://www.amazon.com/exec/obidos/ASIN/0072314036/chopaconline-20</a> |
| 856 40 - ELECTRONIC LOCATION AND ACCESS | |
| Materials specified | Amazon customer reviews |
| Uniform Resource Identifier | <a href="http://www.chopac.org/cgi-bin/tools/azrev.pl?q=0072314036">http://www.chopac.org/cgi-bin/tools/azrev.pl?q=0072314036</a> |
| 942 ## - ADDED ENTRY ELEMENTS (KOHA) | |
| Institution code [OBSOLETE] | NBS |
| Koha item type | Book |
| Call number prefix | 344.7301 BEN |
| Withdrawn status | Lost status | Damaged status | Not for loan | Permanent Location | Current Location | Date acquired | Total Checkouts | Full call number | Barcode | Date last seen | Date last checked out | Price effective from | Koha item type |
|---|---|---|---|---|---|---|---|---|---|---|---|---|---|
| NUST Law School (NLS) | NUST Law School (NLS) | 08/28/2013 | 1 | 344.7301 BEN | NBS5291 | 11/23/2017 | 08/18/2017 | 08/28/2013 | Book |
